000 00999cam a22002175a 4500
001 L140563
008 070928s1847 xxk eng u
035 _a(Sirsi) u140563
041 0 _aeng
110 2 _aGeorge Robins
245 0 0 _aParticulars of Shakspeare's House at Stratford on Avon for sale by auction by Mr Robins at the Mart London on Thursday 16 September at 12 o'clock
260 _aLondon
_bAlfred Robins
_c1847
300 _a16 p.
_bill., map
_c32 cm.
351 _cSingle item
500 _aIncludes a copy from the register at Stratford upon Avon of the baptisms, marriages and burials of the Shakepeare family from 1558 to 1778; a historical and descriptive account of the birth place of Shakespeare, and extracts from works on Shakespeare and Stratford upon Avon.
500 _aTitle from cover.
600 1 _aShakespeare, William
651 4 _aStratford upon Avon
690 _aPROPERTY-PROPERTY ACQUISITION AND DISPOSAL-ACQUISITION AND DISPOSAL AT AUCTION
942 _n0
999 _c116358
_d116358